000 00366 a2200157 4500
001 60013
020 _a9783126759427
040 _cAnchieta - Pituba
100 _aKubicka, Aleksandra
240 1 0 _aTeam deutsch 1
_lpor
245 1 0 _aTeam deutsch 1
300 _a152
362 0 _a2012
650 4 _aLínguas germânicas (teutônicas) língua alemã
942 _cBK
999 _c60013
_d60013